Sociological aspects of economic growth / (Record no. 45799)
[ view plain ]
| 000 -LEADER | |
|---|---|
| fixed length control field | 00790nam a2200241 a 4500 |
| 001 - CONTROL NUMBER | |
| control field | 45799 |
| 003 - CONTROL NUMBER IDENTIFIER | |
| rucl marc code | BD-RjUL |
| 005 - DATE AND TIME OF LATEST TRANSACTION | |
| control field | 20211209054053.0 |
| 008 - FIXED-LENGTH DATA ELEMENTS--GENERAL INFORMATION | |
| fixed length control field | 270716s1960 ilu 000 0 eng d |
| 035 ## - SYSTEM CONTROL NUMBER | |
| System control number | (BD-RjUL)45917 |
| 040 ## - CATALOGING SOURCE | |
| Original cataloging agency | BD-RjUL |
| Language of cataloging | eng |
| Transcribing agency | BD-RjUL |
| Modifying agency | BD-RjUL |
| 041 ## - LANGUAGE CODE | |
| Language code of text/sound track or separate title | eng |
| 082 ## - DEWEY DECIMAL CLASSIFICATION NUMBER | |
| Classification number | 330.1 |
| Author mark and year | HOS 1960 |
| 100 1# - MAIN ENTRY--PERSONAL NAME | |
| Personal name | Hoselitz, Bert F. |
| Fuller form of name | (Bert Frank), |
| Dates associated with a name | 1913-1995 |
| 9 (RLIN) | 131597 |
| 245 10 - TITLE STATEMENT | |
| Title | Sociological aspects of economic growth / |
| Statement of responsibility, etc. | Bert F. Hoselitz. |
| 260 ## - PUBLICATION, DISTRIBUTION, ETC. (IMPRINT) | |
| Place of publication, distribution, etc. | Glencoe, Ill : |
| Name of publisher, distributor, etc. | Free Press, |
| Date of publication, distribution, etc. | c1960. |
| 300 ## - PHYSICAL DESCRIPTION | |
| Pagination | vi, 250 p. : |
| Illustrations | tables ; |
| Size | 22 cm. |
| 650 #0 - SUBJECT ADDED ENTRY--TOPICAL TERM | |
| Topical term or geographic name as entry element | Economic development. |
| 9 (RLIN) | 140084 |
| Topical term or geographic name as entry element | Social history. |
| 9 (RLIN) | 140085 |
| 710 2# - ADDED ENTRY--CORPORATE NAME | |
| Corporate name or jurisdiction name as entry element | University of Chicago. |
| Subordinate unit | Research Center in Economic Development and Cultural Change. |
| 9 (RLIN) | 138992 |
| 942 ## - ADDED ENTRY ELEMENTS (KOHA) | |
| Source of classification or shelving scheme | Dewey Decimal Classification |
| Koha item type | Books |
| Lost status | Source of classification or shelving scheme | Damaged status | Not for loan | Collection code | Permanent Location | Current Location | Shelving location | Date acquired | Source of acquisition | Cost, normal purchase price | Total Checkouts | Full call number | Date last seen | Copy number | Koha item type |
|---|---|---|---|---|---|---|---|---|---|---|---|---|---|---|---|
| Dewey Decimal Classification | Non-fiction | Central Library, University of Rajshahi | Central Library, University of Rajshahi | 29/06/1963 | Zeitlinger | 37.00 | 330.1 HOS 1960 | 28/07/2016 | C-2 | Books | |||||
| Dewey Decimal Classification | Non-fiction | Central Library, University of Rajshahi | Central Library, University of Rajshahi | 29/06/1963 | Zeetlinger | 37.00 | 330.1 HOS 1960 | 30/07/2016 | C-3 | Books |